|
|
|
|
| LEADER |
00000nam a22000005a 4500 |
| 001 |
17876 |
| 003 |
CL-ChBUA |
| 005 |
20120815103647.0 |
| 008 |
070301s1959 ag 000 0 spa |
| 040 |
|
|
|a CL-ChBUA
|c CL-ChBUA
|
| 082 |
0 |
0 |
|a 916
|
| 090 |
|
|
|c 17876
|d 17876
|
| 100 |
1 |
|
|a Julien, Paul.
|
| 245 |
1 |
0 |
|a Selvas y fieras del Africa Ecuatoriana
|
| 260 |
|
|
|b Peuser.
|a Buenos Aires.
|c 1959.
|
| 300 |
|
|
|a 256 p.: il.
|b 256 p.: il.
|c 22 cm.
|
| 504 |
|
|
|a Indice.
|
| 650 |
|
4 |
|a AFRICA ECUATORIANA.
|
| 942 |
|
|
|c LIB
|
| 952 |
|
|
|0 0
|1 0
|4 0
|7 0
|9 24713
|a UNACH
|b UNACH
|c 900
|d 2007-03-05
|i 3.347.
|l 0
|o 916 / J 94.
|p 25712
|r 2012-12-27 00:00:00
|u 24713
|w 2012-08-08
|y LIB
|k 916 / J 94.
|
| 999 |
|
|
|c 17876
|d 17876
|